书目信息 |
| 题名: |
人力资本、社会资本与职业发展成就
|
|
| 作者: | 康小明 著 | |
| 分册: | ||
| 出版信息: | 北京 北京大学出版社 2009 |
|
| 页数: | 210页 | |
| 开本: | 24cm | |
| 丛书名: | 北京大学教育经济与管理丛书 | |
| 单 册: | ||
| 中图分类: | F249.21 , G647.38 | |
| 科图分类: | ||
| 主题词: | 人力资本--研究--中国 , 大学生--职业选择--研究--中国 , 人力资本 , 大学生 , 职业选择 | |
| 电子资源: | ||
| ISBN: | 978-7-301-15883-8 | |
| 000 | 01237oam2 2200337 45 | |
| 001 | 1034535608 | |
| 005 | 20100319082029.95 | |
| 010 | @a978-7-301-15883-8@dCNY28.00 | |
| 100 | @a20100312d2009 em y0chiy50 ea | |
| 101 | 0 | @achi |
| 102 | @aCN@b110000 | |
| 105 | @ay z 000yy | |
| 106 | @ar | |
| 200 | 1 | @a人力资本、社会资本与职业发展成就@ARen Li Zi Ben、 She Hui Zi Ben Yu Zhi Ye Fa Zhan Cheng Jiu@f康小明著@FKang Xiao Ming Zhu |
| 210 | @a北京@c北京大学出版社@d2009 | |
| 215 | @a210页@d24cm | |
| 225 | 2 | @a北京大学教育经济与管理丛书 |
| 312 | @a封面英文题名:Human capital、social capital and career development achievements | |
| 330 | @a本书从理论和实践相结合的角度剖析了高等教育毕业生的核心就业能力,探讨了高等教育毕业生进入劳动力市场后的职业发展成就差异的影响因素。 | |
| 461 | 0 | @12001 @a北京大学教育经济与管理丛书 |
| 510 | 1 | @aHuman capital、social capital and career development achievements@zeng |
| 606 | 0 | @a人力资本@x研究@y中国 |
| 606 | 0 | @a大学生@x职业选择@x研究@y中国 |
| 606 | 0 | @a人力资本 |
| 606 | 0 | @a大学生 |
| 606 | 0 | @a职业选择 |
| 690 | @aF249.21@v4 | |
| 690 | @aG647.38@v4 | |
| 701 | 0 | @a康小明@AKang Xiao Ming@4著 |
| 801 | 0 | @aCN@bTANGWEI@c20100319 |
| 905 | @b0586049-51@dF249.21@e83@f3 | |
| 人力资本、社会资本与职业发展成就/康小明著.-北京:北京大学出版社,2009 |
| 210页;24cm.-(北京大学教育经济与管理丛书) |
| ISBN 978-7-301-15883-8:CNY28.00 |
| 本书从理论和实践相结合的角度剖析了高等教育毕业生的核心就业能力,探讨了高等教育毕业生进入劳动力市场后的职业发展成就差异的影响因素。 |
| ● |
| 相关链接 |
|
|
|
|
正题名:人力资本、社会资本与职业发展成就
索取号:F249.21/83
 
预约/预借
| 序号 | 登录号 | 条形码 | 馆藏地/架位号 | 状态 | 备注 |
| 1 | 0586049 | 205860497 | 第一样本阅览室/ [索取号:F249.21/83] | 在馆 | |
| 2 | 0586050 | 205860503 | 第一借阅区/ [索取号:F249.21/83] | 在馆 | |
| 3 | 0586051 | 205860512 | 密集书库-海洋学院/ [索取号:F249.21/83] | 在馆 |